Name All Middle East Countries - Statistics

General Stats
  • This quiz has been taken 135 times
  • The average score is 15 of 17
Answers on the Map
Answers color-coded by a green-red scale on the quiz's map according to % correct below.
 
Answer Stats
Country % Correct
Saudi Arabia
95%
Iran
94%
Iraq
94%
United Arab Emirates
93%
Israel
92%
Oman
92%
Syria
92%
Turkey
92%
Yemen
90%
Egypt
89%
Jordan
89%
Lebanon
89%
Kuwait
88%
Cyprus
86%
Qatar
86%
*Palestine Territory
84%
Bahrain
78%
No matching quizzes found
Score Distribution
Percent of People with Each Score
Percentile by Number Answered
Your Score History
You have not taken this quiz